logo

Bir Sreshtho Munshi Abdur Rouf Library
Jhenaidah Cadet College

The British Commonwealth of Nations / (Record no. 7385)

MARC details
000 -LEADER
fixed length control field 00847nam a2200289 4500
001 - CONTROL NUMBER
JCCL Control Number 7385
003 - CONTROL NUMBER IDENTIFIER
JCCL marc code BD-JhCC
005 - DATE AND TIME OF LATEST TRANSACTION
control field 20180418173044.0
008 - FIXED-LENGTH DATA ELEMENTS--GENERAL INFORMATION
fixed length control field 701120s1961 enk b 001 0 eng
035 ## - SYSTEM CONTROL NUMBER
system control number (BD-JhCC)7385
035 ## - SYSTEM CONTROL NUMBER
system control number (DLC) 62043389 /L
040 ## - CATALOGING SOURCE
Modifying agency CUD
-- OCoLC
Original cataloging agency BD-JhCC
041 ## - LANGUAGE CODE
Language code of Book eng
050 04 - LIBRARY OF CONGRESS CALL NUMBER
Classification number JN276
Item number .J55 1961
082 0# - DEWEY DECIMAL CLASSIFICATION NUMBER
Classification number 325.342
Author mark and Year JEN 1965
100 1# - MAIN ENTRY--PERSONAL NAME
Personal name Jennings, Ivor,
Titles and other words associated with a name Sir,
Dates associated with a name 1903-1965.
245 14 - TITLE STATEMENT
Title The British Commonwealth of Nations /
Statement of responsibility, etc Ivor Jennings,
250 ## - EDITION STATEMENT
Edition statement [4th rev. ed.].
260 ## - PUBLICATION, DISTRIBUTION, ETC. (IMPRINT)
Place of publication, distribution, etc London :
Name of publisher, distributor, etc Hutchinson University Library,
Date of publication, distribution, etc [1961]
300 ## - PHYSICAL DESCRIPTION
Pagination 224 p. ;
Dimensions 19 cm.
490 0# - SERIES STATEMENT
Series statement Hutchinson university library: Politics
504 ## - BIBLIOGRAPHY, ETC. NOTE
Bibliography, etc Includes bibliography.
650 #0 - SUBJECT ADDED ENTRY--TOPICAL TERM
Topical term or geographic name as entry element Imperial federation.
651 #0 - SUBJECT ADDED ENTRY--GEOGRAPHIC NAME
Geographic name Great Britain
General subdivision Colonies
-- Administration.
942 ## - ADDED ENTRY ELEMENTS (KOHA)
Source of classification or shelving scheme Dewey Decimal Classification
Koha item type Books
Holdings
Source of classification or shelving scheme Damaged status Not for loan Home library Current library Shelving location Total Checkouts Full call number Barcode Date last seen Copy number Koha item type
Dewey Decimal Classification     JCC Rouf Library JCC Rouf Library General Stacks   325.342 JEN 1965 10017 02/08/2018 C - 1 Books

JCC Library | Contacts | JCC Home

Last Update on 23 September 2017
Copyright @ 2017-2020 JCC Rouf Library
Rouf Library, Jhenidah Cadet College (JCC), Bangladesh